<?xml version="1.0" encoding="UTF-8"?><?xml-stylesheet type="text/xsl" href="static/style.xsl"?><OAI-PMH xmlns="http://www.openarchives.org/OAI/2.0/" xmlns:xsi="http://www.w3.org/2001/XMLSchema-instance" xsi:schemaLocation="http://www.openarchives.org/OAI/2.0/ http://www.openarchives.org/OAI/2.0/OAI-PMH.xsd"><responseDate>2026-04-17T18:02:29Z</responseDate><request verb="GetRecord" identifier="oai:www.recercat.cat:2072/522305" metadataPrefix="marc">https://recercat.cat/oai/request</request><GetRecord><record><header><identifier>oai:recercat.cat:2072/522305</identifier><datestamp>2024-12-20T15:41:30Z</datestamp><setSpec>com_2072_300912</setSpec><setSpec>com_2072_4427</setSpec><setSpec>col_2072_301309</setSpec></header><metadata><record xmlns="http://www.loc.gov/MARC21/slim" xmlns:dcterms="http://purl.org/dc/terms/" xmlns:xsi="http://www.w3.org/2001/XMLSchema-instance" xmlns:doc="http://www.lyncode.com/xoai" xsi:schemaLocation="http://www.loc.gov/MARC21/slim http://www.loc.gov/standards/marcxml/schema/MARC21slim.xsd">
   <leader>00925njm 22002777a 4500</leader>
   <datafield ind2=" " ind1=" " tag="042">
      <subfield code="a">dc</subfield>
   </datafield>
   <datafield ind2=" " ind1=" " tag="720">
      <subfield code="a">Balletti, Matteo</subfield>
      <subfield code="e">author</subfield>
   </datafield>
   <datafield ind2=" " ind1=" " tag="720">
      <subfield code="a">Marcantonio, Enrico</subfield>
      <subfield code="e">author</subfield>
   </datafield>
   <datafield ind2=" " ind1=" " tag="720">
      <subfield code="a">Melchiorre, Paolo</subfield>
      <subfield code="e">author</subfield>
   </datafield>
   <datafield ind2=" " ind1=" " tag="260">
      <subfield code="c">2022-04-21</subfield>
   </datafield>
   <datafield ind2=" " ind1=" " tag="520">
      <subfield code="a">Reported herein is a rare example of asymmetric catalytic
functionalisation of enals at the remote γ-position, proceeding via
a radical path. The process requires visible light and exploits the
synergistic actions of two distinct organocatalysts. A nucleophilic
organic catalyst generates radicals upon SN2-based activation of
commercially available alkyl halides and blue light irradiation.
Concomitantly, a chiral secondary amine catalyst triggers the
formation of a dienamine from α-branched enals. This chiral
dienamine intercepts the photogenerated radicals with excellent γ-
selectivity and good sterecontrol.</subfield>
   </datafield>
   <datafield ind1="8" ind2=" " tag="024">
      <subfield code="a">http://hdl.handle.net/2072/522305</subfield>
   </datafield>
   <datafield ind1="8" ind2=" " tag="024">
      <subfield code="a">https://doi.org/10.1039/D2CC01638A</subfield>
   </datafield>
   <datafield ind2="0" ind1="0" tag="245">
      <subfield code="a">Photochemical organocatalytic enantioselective radical γ-functionalization of α-branched enals</subfield>
   </datafield>
</record></metadata></record></GetRecord></OAI-PMH>